Word Ladder: Unobstructed Rungs Quiz Stats

 Plays Quiz Updated Oct 17, 2014

Challenge
Share
Tweet
Embed
Score 0/24 Timer 03:00
0 Plays Today
Hint 4-Letter Word % Correct
Coin you can stop onDIME
94.9%
Bambi or RudolphDEER
94.9%
Turns down the lightsDIMS
93.8%
⁲ BROAD ⁲⁲ WIDE ⁲
93%
Laundry detergent brandTIDE
92.6%
Pirelli, Yokohama, or Firestone, e.g.TIRE
92.4%
E. Coyote's first nameWILE
92.3%
RippedTORE
88.5%
⁲ A FAREWELL TO ____⁲ ARMS ⁲
87.7%
ObservedSEEN
84.8%
One who gets things doneDOER
84.3%
Draws a bead onAIMS
83.7%
Hint 4-Letter Word % Correct
Prof. Sybil Trelawney, e.g.SEER
83.4%
Like Knopfler's StraitsDIRE
75.7%
Legal matterTORT
73.4%
Rattail, manilla, or nail...FILE
69.7%
Pointless point?MOOT
68.7%
Tin horn noteTOOT
68.3%
⁲ KRIEGER, MANZAREK, OR MORRISON ⁲⁲ DOOR ⁲
64.8%
⁲ THE QUEST FOR ____⁲ FIRE ⁲
63.2%
Othello, e.g.MOOR
62.6%
Cooking cubbyOVEN
50.7%
Ole's joke partnerSVEN
48.6%
⁲ COMMON BOND ⁲⁲ OPEN ⁲
38.1%

Today's Daily Dose

You're not logged in!

Compare scores with friends on all Sporcle quizzes.
Join for Free
OR
Log In

You Might Also Like...

Show Comments

Extras

Top Quizzes Today


Score Distribution

Your Account Isn't Verified!

In order to create a playlist on Sporcle, you need to verify the email address you used during registration. Go to your Sporcle Settings to finish the process.

Report this User

Report this user for behavior that violates our Community Guidelines.

Details: